=LDR 00000nam 2200000 4500 =001 INLIS000000000042287 =005 20131008015054 =008 ***********************************ind** =035 ##$$0010-101300000000209 =041 ##$$a ind =082 ##$$a 616.12 =090 ##$$a 616.12, Edw s =100 ##$$a Edward K. Chung =245 ##$$a 100 tanya jawab mengenai serangan jantung dan masalah -masalah yang terkait dengan jantung, Edward k. chung; Penerjemah, Benyamin molan =260 ##$$a 2004 $b Jakarta =300 ##$$a Viii,182 hlm, Ilus, 23 cm =650 ##$$a JANTUNG- PENYAKIT-DAGNOSIS =700 ##$$a Benyamin Molan =850 ##$$a NBPNMAT